000 01297cam a2200181 4500500
005 20260208000825.0
041 _afre
042 _adc
100 1 0 _aLercari, Lola
_eauthor
700 1 0 _aGourvennec, Jules
_eauthor
700 1 0 _aToutin, Marie-Hélène
_eauthor
245 0 0 _aFront matter
260 _c2026.
500 _a37
520 _aSince the 2018 reform, apprenticeships have undergone a profound transformation, becoming more popular and appealing to a wider range of people. Once seen as a route into initial training, they are now also providing a second chance for young people who have left the education system. The 2017 cohort is proof of this, with more individuals returning to work-study programmes later in life, often with the aim of obtaining a qualification or changing career. While the pre-recruitment logic is fading, apprenticeships still offer clear advantages in terms of integration and access to stable employment. This Céreq Bref, based on the 2023 survey of the 2017 cohort, paints a portrait of those who returned to study after 2018.
786 0 _nChronique Internationale de l'IRES | 192 | 4 | 2026-01-12 | p. 2-3 | 1285-087X
856 4 1 _uhttps://shs.cairn.info/journal-chronique-internationale-de-l-ires-2025-4-page-2?lang=en&redirect-ssocas=7080
999 _c1643981
_d1643981